Statistics for Countries With Portuguese as an Official Language

Click here to take the quiz!

General Stats

  • This quiz has been taken 64 times
  • The average score is 8 of 9

Answers on the Map

Answers color-coded by a green-red scale on the quiz's map according to % correct below.
 

Answer Stats

ContinentPopulationCountry% Correct
South America214.3 mBrazil
100%
Europe10.3 mPortugal
100%
Africa34.5 mAngola
95%
Africa32.1 mMozambique
89%
Africa223 kSão Tomé and Principe
88%
Africa588 kCape Verde
82%
Asia1.3 mEast Timor
82%
Africa2.1 mGuinea-Bissau
75%
Africa1.6 mEquatorial Guinea
72%

Score Distribution

Percentile by Number Answered

Percent of People with Each Score

Your Score History

You have not taken this quiz